BIBLIOTECA

SENCICO

BAUHAUS (Registro nro. 2223)

Detalles MARC
000 -LEADER
fixed length control field 00708nam a2200241Ia 4500
005 - DATE AND TIME OF LATEST TRANSACTION
control field 20251020182536.0
008 - FIXED-LENGTH DATA ELEMENTS--GENERAL INFORMATION
fixed length control field 200515s9999 xx 000 0 und d
020 ## - INTERNATIONAL STANDARD BOOK NUMBER
International Standard Book Number 978-3-8480-0278-8
082 ## - DEWEY DECIMAL CLASSIFICATION NUMBER
Classification number 72.033.01/F49
100 ## - MAIN ENTRY--PERSONAL NAME
Personal name Feierabend, Peter
100 ## - MAIN ENTRY--PERSONAL NAME
Personal name Fiedler, Jeannine
245 #0 - TITLE STATEMENT
Title BAUHAUS
260 ## - PUBLICATION, DISTRIBUTION, ETC.
Place of publication, distribution, etc. Barcelona
260 ## - PUBLICATION, DISTRIBUTION, ETC.
Name of publisher, distributor, etc. Ullmann
260 ## - PUBLICATION, DISTRIBUTION, ETC.
Date of publication, distribution, etc. 2013
300 ## - PHYSICAL DESCRIPTION
Other physical details il., graf., fot., col.
500 ## - GENERAL NOTE
General note 1 ejemplar
520 ## - SUMMARY, ETC.
Summary, etc. Proporciona al lector un panorama general del contexto histórico, cultural, filosófico, político y pedagógico de los años en los que surgio la escuela del Bauhaus.
650 ## - SUBJECT ADDED ENTRY--TOPICAL TERM
Topical term or geographic name entry element ARQUITECTURA
650 ## - SUBJECT ADDED ENTRY--TOPICAL TERM
Topical term or geographic name entry element BAUHAUS
942 ## - ADDED ENTRY ELEMENTS (KOHA)
Koha item type Libros
Existencias
Fecha de la última vez que lo usaron Pago total Signatura topográfica completa Código de barras Precio efectivo desde Tipo de documento Estado perdido Estado dañado No es para préstamo Retirado Ubicación permanente Ubicación actual Fecha de adquisición
15/05/2020   72.033.01/F49 Bib-Lima15052223 15/05/2020 Libros         Biblioteca Central Lima Biblioteca Central Lima 15/05/2020